| 000 | 00347nam a22001337a 4500 | ||
|---|---|---|---|
| 020 | _a9789380428451 | ||
| 082 |
_a551.6977 _bSIN/IC |
||
| 245 | _aICTs for Agricultural Development under Changing Climate | ||
| 260 |
_aDelhi _bNarendra Publishing House _c2012 |
||
| 300 | _a344 | ||
| 700 |
_aSingh,K.M _9734 |
||
| 700 |
_aMeena,M.S _9735 |
||
| 942 | _cBK | ||
| 999 |
_c14443 _d14443 |
||